| 000 | 00596nam a2200217Ia 4500 | ||
|---|---|---|---|
| 003 | OSt | ||
| 005 | 20240506055023.0 | ||
| 008 | 210329s9999||||xx |||||||||||||| ||und|| | ||
| 020 | _a8171695310 | ||
| 040 | _cSTCPL | ||
| 041 | _aENG | ||
| 082 |
_a070.4 _bDSO-P |
||
| 100 | _aD'Souza, Y. K. | ||
| 245 | 0 |
_aPrinciples and ethics of journalism and mass communication / _cby Y. K. D'Souza |
|
| 260 |
_aNew delhi : _bCommon Wealth Publishers , _c1998 . |
||
| 300 |
_a353 p. _bHB |
||
| 650 | _aEnglish literature | ||
| 650 | _aJournalism, Publishing, Newspapers | ||
| 942 | _cBK | ||
| 942 | _2ddc | ||
| 999 |
_c45189 _d45189 |
||